[Event "Brugse Meesters 2017"]
[Site "Brugge"]
[Date "2017.08.14"]
[Round "3"]
[White "Dgebuadze, Alexandre"]
[Black "Hill, Alistair"]
[Result "1-0"]
[WhiteElo "2515"]
[BlackElo "2192"]
[Annotator "TA"]
[PlyCount "55"]
[EventDate "2017.??.??"]
[EventCountry "BEL"]
[SourceTitle "playchess.com"]
[Source "ChessBase"]
[SourceQuality "1"]

{[%evp 19,55,-29,-22,-27,1,8,4,-3,27,27,18,-35,-38,-37,70,71,150,141,147,108,102,104,121,130,114,118,89,90,360,352,2325,909,29989,1251,29990,29991,29992,29991]} 1. e4 c5 2. Nc3 Nc6 3. Nge2 Nf6 4. g3 g6 5. Bg2 Bg7 6. d3 d6 7. h3 O-O 8. Be3 Rb8 9. Qd2 {B26: Closed Sicilian: 3 g3, lines with early Be3} b5 {[%cal Bb7b5,Bb5b4][%mdl 32]} 10. Bh6 (10. O-O b4 11. Nd1 Nd7 12. Bh6 Bxh6 13. Qxh6 Nd4 14. Qd2 a5 15. Ne3 Nb6 16. f4 f5 17. exf5 Nxe2+ 18. Qxe2 gxf5 19. a3 {1-0 (52) Rublevsky,S (2678)-Areshchenko,A (2687) Olginka 2011}) 10... b4 {LiveBook: 4 Games} 11. Nd5 {The position is equal.} e6 {Hoping for ...Bxh6.} 12. Bxg7 Kxg7 13. Ne3 e5 14. O-O Nd4 15. f4 (15. Kh2 $11) 15... Nh5 {Strongly threatening ...Nxe2+.} 16. Kh2 f6 $146 (16... Nxe2 $15 17. Qxe2 exf4 18. gxf4 f5) ({Find the theoretical novelty and annotate with similar games:} 16... Nxe2 17. Qxe2 exf4 18. gxf4 {0-1 (43) Westerinen,H (2430)-Rytshagov,M (2420) Kuopio 1992}) 17. f5 $14 Kf7 ({Black should try} 17... Kh8) 18. Nxd4 exd4 19. fxg6+ hxg6 20. Nd5 Be6 21. g4 Bxd5 22. exd5 Ng7 23. Be4 $36 {[%mdl 2048] Qh6 is the strong threat. White is really pushing.} Qe8 $2 {[%mdl 8192] [#]} (23... Rh8 $16 {keeps fighting.}) 24. Rae1 $1 $18 ({Not} 24. Qh6 f5 $16) 24... Qa4 $2 (24... Kg8 25. Qh6 Qe5+ 26. Kg2 Qg5 27. Qxg6 Qxg6 28. Bxg6 f5) 25. b3 (25. Qh6 $142 Rh8 26. Qxg6+ Kg8 27. Bf5 Qxc2+ 28. Kg3 Qh2+ 29. Kxh2 Kf8 {[#]} 30. Re7 $1 {[%mdl 512]}) 25... Qxa2 26. Ra1 (26. Qh6 $142 Qxc2+ 27. Kg1 f5 28. gxf5 Rg8 29. fxg6+ Ke8 30. Bf5+ Qe2 31. Rxe2+ Ne6 32. Rxe6+ Kd8 33. Qg5+ Kc8 34. Re7+ Kd8 35. Rh7+ Ke8 36. Qe7#) 26... Qb2 27. Rxa7+ Kg8 28. Bxg6 {Precision: White = 53%, Black = 19%.} 1-0

[Event "Brugse Meesters 2017"]
[Site "Brugge"]
[Date "2017.08.14"]
[Round "3"]
[White "Van Foreest, Lucas"]
[Black "Tozer, Philip A A"]
[Result "1-0"]
[WhiteElo "2467"]
[BlackElo "2141"]
[Annotator "TA"]
[PlyCount "61"]
[EventDate "2017.??.??"]
[EventCountry "BEL"]
[SourceTitle "playchess.com"]
[Source "ChessBase"]
[SourceQuality "1"]

{[%evp 26,61,41,33,58,8,135,102,93,103,84,51,58,39,98,97,91,90,271,253,335,158,150,155,143,160,189,188,433,421,466,454,602,580,581,582,29966,29967]} 1. e4 e6 2. d4 d5 3. Nd2 Nf6 4. e5 Nfd7 5. c3 c5 6. Bd3 Nc6 7. Ne2 cxd4 8. cxd4 f6 9. exf6 Nxf6 10. Nf3 Bd6 11. O-O Qc7 12. Nc3 a6 13. h3 O-O 14. Re1 {LiveBook: 8 Games} h6 {C06: French Tarrasch: 3...Nf6 4 e5 Nfd7 5 Bd3 main lines} (14... Bd7 15. Bd2 Rae8 16. Rc1 Qb8 17. a3 Kh8 18. Bg5 Bf4 19. Bxf4 Qxf4 20. g3 Qh6 21. Bf1 Re7 22. Bg2 {1-0 (55) Abasov,N (2575)-Mammadova,G (2359) Nakhchivan 2017}) 15. Bd2 $146 ({Predecessor:} 15. Bc2 g5 16. Kh1 Qf7 17. Ne5 Bxe5 18. dxe5 Nh5 19. Bd2 Nf4 20. Bxf4 Qxf4 21. Qh5 Nxe5 22. Qxh6 {1-0 (37) Hojjatova,A (2104)-Chung,M (1972) Batumi 2014}) 15... e5 (15... g5 $11) 16. dxe5 $16 Nxe5 {White is better.} 17. Nxe5 Bxe5 18. Rc1 {[#] Strongly threatening Nxd5!} Qd6 19. Qb3 Bd7 (19... Bd4 $14) 20. Ne4 Nxe4 21. Bxe4 {Black must now prevent Bb4.} Bh2+ $2 {[#]} (21... Qf6 $16 22. Be3 (22. Qxd5+ Be6 $14) (22. Bxd5+ Kh8 $16) 22... Kh8) 22. Kh1 $18 Be6 23. Bb4 (23. Bf3 $18) 23... dxe4 $16 24. Bxd6 Bxb3 25. Bxf8 ({But not} 25. Kxh2 Rf6 $16) 25... Bxa2 26. Bxg7 Kxg7 $2 (26... Bf4) 27. Kxh2 {KRR-KRB} Bd5 28. Rc7+ Kg6 29. Rd1 Bc6 30. Rd6+ Kg5 31. Rf7 {Precision: White = 73%, Black = 18%.} 1-0

[Event "Brugse Meesters 2017"]
[Site "Brugge"]
[Date "2017.08.14"]
[Round "3"]
[White "Geirnaert, Steven"]
[Black "Bianchi, Guillaume"]
[Result "1-0"]
[WhiteElo "2454"]
[BlackElo "2110"]
[Annotator "TA"]
[PlyCount "71"]
[EventDate "2017.??.??"]
[EventCountry "BEL"]
[SourceTitle "playchess.com"]
[Source "ChessBase"]
[SourceQuality "1"]

{[%evp 21,71,-14,-4,-40,-30,-34,-19,-32,0,-10,19,-24,33,14,19,0,6,-4,0,-43,-43,-41,-49,-49,-45,-40,0,0,0,0,395,393,353,355,574,564,550,554,529,516,811,620,939,805,732,844,29996,29997,29997,29998,29998,29999]} 1. e4 c5 2. Nf3 d6 3. d4 cxd4 4. Nxd4 Nf6 5. Nc3 a6 6. g3 e5 7. Nde2 Be7 8. Bg2 b5 9. O-O {B91: Sicilian Najdorf: 6 g3} (9. Nd5 Nbd7 10. Nec3 Nb6 11. Nxe7 Qxe7 12. Bg5 O-O 13. Qf3 Be6 14. Bxf6 Qxf6 15. Qxf6 gxf6 16. O-O-O b4 {½-½ (30) Karjakin,S (2781)-Vachier Lagrave,M (2796) Stavanger 2017}) 9... Bb7 10. h3 h5 11. Be3 Nbd7 {LiveBook: 7 Games} 12. f4 Rc8 $146 ({Predecessor:} 12... b4 13. Nd5 Nxd5 14. exd5 Bf6 15. fxe5 Nxe5 {½-½ (34) Bosnjak,P (2311)-Pavic,F (2209) Vinkovci 2016}) 13. Nd5 Nxd5 14. exd5 h4 15. g4 exf4 16. Nxf4 Ne5 ({Black should play} 16... O-O $11) 17. Bd4 O-O 18. c3 Bg5 19. a4 b4 20. Qb3 a5 21. Ne6 fxe6 22. dxe6 {[%cal Bd5e6,Be6e7][%mdl 32] [#] e7+ is the strong threat.} Qe7 23. Bxb7 $1 Rxf1+ 24. Rxf1 Qxb7 25. Bxe5 dxe5 $4 {[%mdl 8192]} (25... Qe4 $11 26. Bxd6 Kh7) 26. e7+ $1 $18 Kh7 27. Rf8 Be3+ $2 (27... Qxe7 28. Rxc8 Be3+ 29. Kf1 Qd6 30. Qg8+ Kg6) 28. Kf1 Qxe7 29. Qg8+ Kg6 30. Rxc8 {[%mdl 4096] Endgame KQR-KQB} Qf6+ (30... Qd6 $142 31. Qe8+ Kg5) 31. Ke2 Qf2+ 32. Kd3 Qd2+ 33. Ke4 {[#] White threatens Rc6+ and mate.} Bg5 34. Qe6+ {White mates.} Kh7 35. Qf5+ g6 36. Qf7+ {Precision: White = 63%, Black = 54%.} 1-0

[Event "Brugse Meesters 2017"]
[Site "Brugge"]
[Date "2017.08.14"]
[Round "3"]
[White "Varga, Zoltan"]
[Black "Gray, Mark S"]
[Result "1-0"]
[WhiteElo "2434"]
[BlackElo "2103"]
[Annotator "TA"]
[PlyCount "119"]
[EventDate "2017.??.??"]
[EventCountry "BEL"]
[SourceTitle "playchess.com"]
[Source "ChessBase"]
[SourceQuality "1"]

{[%evp 17,119,22,64,54,56,-101,-90,-135,-101,-85,-87,-330,-305,-338,-347,-324,-348,-493,-486,-514,-519,-484,-480,-499,-469,-433,-448,-545,-537,-544,-539,-901,-446,-622,-607,-630,-617,-608,-599,-594,-605,-605,-256,-315,-110,-110,-104,-103,94,90,275,267,222,225,322,295,359,361,454,333,472,470,757,715,686,674,734,661,1092,1035,12836,12835,12838,12839,12839,12839,12840,1605,12841,12841,12842,12843,12846,12846,12849,12845,12845,12841,12842,12841,12841,12839,12847,12844,12847,12847,12848,12848,12849,12848,12849,12847,12850,12850]} 1. e4 e5 2. Nf3 Nc6 3. Bc4 Nf6 4. Ng5 d5 5. exd5 Na5 6. Bb5+ c6 7. dxc6 bxc6 8. Bd3 Nd5 {[%cal Bf6d5,Bd5f4,Bf4e6,Be6d4][%mdl 32] C58: Two Knights: 4 Ng5 d5 5 exd5 Na5 sidelines} 9. h4 (9. Nf3 Bd6 10. O-O O-O 11. Re1 Re8 12. Nc3 f5 13. Nxd5 cxd5 14. Bb5 Bd7 15. Bxd7 Qxd7 16. d3 {½-½ (46) Zhigalko,S (2671)-Amin,B (2662) Doha 2016}) 9... f5 {LiveBook: 4 Games} 10. O-O $146 ({Predecessor:} 10. Nc3 Nf4 11. Bf1 Bc5 12. a3 h6 13. Nh3 Nxh3 14. Qh5+ Kf8 15. Rxh3 Qd4 16. Qe2 {1-0 (36) Ten Hertog,H (2453)-Colijn,S (2330) Groningen 2016}) 10... Bd6 {White is slightly better.} 11. Re1 $2 (11. Be2 $1 $14) 11... O-O $1 $17 {[%mdl 1024] Black has strong compensation.} 12. c4 Nf4 13. Bf1 {Threatens to win with d4.} h6 14. Nf3 $2 (14. d4 $17 hxg5 15. hxg5) 14... e4 $19 15. d4 exf3 16. Qxf3 Ne6 ({But not} 16... Qxh4 17. Bxf4 Qxf4 18. Qxf4 $19) 17. d5 (17. Rd1 $142 Qxh4 18. g3) 17... Nd4 (17... Qxh4 $2 18. g3 $19) 18. Qd3 Qxh4 {[%csl Gd6][%cal Rh4h2]} 19. g3 Qg4 {Strongly threatening ...Nf3+.} 20. Bg2 f4 21. Bxf4 Bxf4 ({Less strong is} 21... Rxf4 22. gxf4 Qxf4 23. Nc3 $19) 22. Qxd4 Bxg3 23. Re4 Bf4 24. dxc6 {and the idea Qd5+ leaves White hopeful.} Rf5 (24... Qh4 $142 {...Qh2+ is the strong threat.} 25. c7 Qh2+ 26. Kf1 Bg3) 25. Re8+ Kf7 26. Qd8 Kg6 27. Qd3 {[#]} Nxc4 $1 {[%mdl 512]} 28. Nc3 (28. Qxc4 Bh2+) 28... Nd2 {Hoping for ...Qh5.} 29. Nd5 {[#]} Bg5 (29... Nf3+ $142 $1 {[%mdl 512]} 30. Kf1 (30. Qxf3 $2 Bh2+ 31. Kxh2 Rxf3 $19) 30... Ba6 $1 {[%mdl 512]} 31. Qxa6 Rxe8 32. c7+ Kg5) 30. f4 {[#]} Ba6 $1 {[%mdl 512]} 31. Re6+ $17 {[#]} (31. Qxa6 Nf3+) 31... Kf7 $1 32. Qxd2 {[#]} Bxf4 $2 (32... Rd8 $1 $17 {[%cal Rd8d5] keeps the pressure on.} 33. fxg5 Rfxd5) 33. Nxf4 $16 Qxf4 $2 (33... Rxf4 $16 {might work better.} 34. Rae1 Kg8) 34. Qxf4 $18 Rxf4 35. Rae1 Rc8 (35... Rg4 $142 36. Kh2 Rd8) 36. Re7+ Kg8 37. Rxa7 Bb5 38. Bd5+ Kh8 (38... Kf8 $142 39. Be6 Rxc6 40. Ra8+ Ke7) 39. c7 {White is clearly winning.} Bd7 (39... Rd4 $142 40. Ra8 Rxa8 41. Bxa8 Rc4) 40. Re7 Bh3 41. Kh2 Bf5 42. Rf7 Rf2+ 43. Kg3 Rc2 44. Rxf5 R2xc7 45. Rxc7 Rxc7 {[%mdl 4096] Endgame KRB-KR} 46. Rf8+ Kh7 47. Be4+ g6 48. Rf6 Re7 49. Kf4 h5 50. Bxg6+ Kg7 51. Kg5 Re5+ 52. Bf5 Re2 53. Rg6+ Kf7 54. Rb6 Re5 55. a4 {[%cal Ba2a4,Ba4a5][%mdl 32]} h4 56. Rb7+ Kf8 57. Kf6 Re8 58. a5 {Intending a6 and mate.} Ra8 59. b4 {White threatens Be6 and mate.} Ra6+ 60. Be6 {Precision: White = 59%, Black = 39%.} 1-0

[Event "Brugse Meesters 2017"]
[Site "Brugge"]
[Date "2017.08.14"]
[Round "3"]
[White "Lai, Hing Ting"]
[Black "Maddens, Martijn"]
[Result "1-0"]
[WhiteElo "2388"]
[BlackElo "2087"]
[Annotator "TA"]
[PlyCount "69"]
[EventDate "2017.??.??"]
[EventCountry "BEL"]
[SourceTitle "playchess.com"]
[Source "ChessBase"]
[SourceQuality "1"]

{[%evp 9,69,83,95,80,96,75,91,63,72,52,70,62,109,117,125,125,147,143,134,141,143,144,143,141,138,135,137,138,125,133,259,175,237,262,261,254,249,253,476,479,479,442,570,564,537,548,542,542,590,577,612,600,985,988,965,1028,1379,1418,1536,1521,1386,1477]} 1. Nf3 f5 2. d3 Nf6 3. e4 d5 (3... d6 4. Nc3 Nc6 5. exf5 Bxf5 6. d4 Nb4 7. Bb5+ c6 8. Ba4 g6 9. O-O Bg7 10. Ne2 O-O 11. Ng3 Bd7 {1-0 (37) Ding,L (2777)-Zhang,Z (2634) China 2016}) 4. exd5 Nxd5 5. d4 e6 6. Bc4 $146 {A04: Unusual lines after 1 Nf3 and King's Indian Attack} ({Predecessor:} 6. Ne5 Nf6 7. Bc4 Be7 8. O-O O-O 9. Re1 c6 10. Bg5 Nd5 11. Bxe7 Qxe7 {1-0 (27) Tologontegin,S (2419)-Esenov,A (2302) Moscow 2017}) 6... Be7 7. O-O O-O 8. Qe2 {White is better.} Nc6 9. Bb5 Qd6 10. c4 {[%cal Bc2c4,Bc4c5][%mdl 32]} Nf6 11. Rd1 Ne4 12. c5 $36 {[%mdl 2048] White is really pushing.} Qd5 13. Nc3 Nxc3 14. bxc3 Na5 15. Ba3 a6 16. Bd3 {[%cal Bb5d3,Bd3b1,Bb1a2][%mdl 32]} b5 17. Bb4 Nc6 18. a4 Nxb4 19. cxb4 c6 (19... Bd7 $16) 20. Bb1 Bf6 (20... bxa4 {is a better defense.} 21. Rxa4 Qd7) 21. axb5 $18 cxb5 22. Ba2 Qe4 23. Qd2 Bb7 $2 (23... Qb7 24. Bb3 Re8) 24. Re1 {White is clearly winning.} Qg4 25. h3 Qg6 {[#] White must now prevent ...Bxf3.} 26. c6 Bc8 27. Bxe6+ Bxe6 28. Rxe6 Qf7 29. Rae1 h6 30. Qd3 g6 31. d5 {[%cal Bd4d5,Bd5d6][%mdl 32]} a5 32. bxa5 Rxa5 33. d6 Ra1 34. Rxa1 {[#] Rxf6! is the strong threat.} Qxe6 35. Re1 {Precision: White = 79%, Black = 45%.} 1-0

[Event "Brugse Meesters 2017"]
[Site "Brugge"]
[Date "2017.08.14"]
[Round "3"]
[White "Frayna, Janelle Mae"]
[Black "Epishin, Vladimir"]
[Result "1/2-1/2"]
[WhiteElo "2248"]
[BlackElo "2541"]
[Annotator "TA"]
[PlyCount "53"]
[EventDate "2017.??.??"]
[EventCountry "BEL"]
[SourceTitle "playchess.com"]
[Source "ChessBase"]
[SourceQuality "1"]

{[%evp 12,53,0,0,39,30,37,37,56,53,56,50,49,57,66,68,70,73,77,75,72,27,46,51,50,46,45,38,72,0,0,0,0,0,0,0,0,0,0,0,0,0,0,0]} 1. Nf3 d5 2. d4 Nd7 3. c4 e6 4. g3 (4. Nc3 Ngf6 5. Bf4 dxc4 6. e3 b5 7. Nxb5 Bb4+ 8. Nc3 Nd5 9. a3 Ba5 10. Nd2 c5 11. Bxc4 Nxf4 12. exf4 cxd4 13. Ne2 O-O {½-½ (33) Piorun,K (2681)-Ivanisevic,I (2650) Belgrade 2016}) 4... Bb4+ 5. Bd2 Be7 6. Bg2 {D30: Queen's Gambit Declined: Systems without Nc3} Ngf6 $146 ({Predecessor:} 6... dxc4 7. O-O Nb6 8. a4 a5 9. Qc2 Nf6 10. Rd1 Nfd5 11. Ne5 Nb4 12. Bxb4 Bxb4 {1-0 (51) Lugovoy,D (2033)-Kriukov,A Nizhnij Novgorod 2008}) 7. O-O {LiveBook: 36 Games} Nb6 8. c5 {White is slightly better.} Nbd7 9. Nc3 O-O 10. Qc2 c6 11. b4 b6 12. e4 Nxe4 13. Nxe4 dxe4 14. Qxe4 Bb7 15. Qc2 Nf6 16. Bg5 h6 17. Bxf6 Bxf6 18. Rfd1 Qc7 19. Rac1 Rfd8 {[#]} 20. Qe2 ({Better is} 20. Ne5 $1 $16 {[%mdl 512]}) 20... a5 $11 {The position is equal.} 21. a3 axb4 22. axb4 Ba6 23. Qe1 Bb5 24. Ne5 bxc5 25. Rxc5 {[%cal Rg2c6]} Bxe5 $1 26. dxe5 Rxd1 27. Qxd1 {Precision: White = 73%, Black = 60%.} 1/2-1/2

[Event "Brugse Meesters 2017"]
[Site "Brugge"]
[Date "2017.08.14"]
[Round "3"]
[White "Provoost, Simon"]
[Black "Motwani, Paul"]
[Result "1/2-1/2"]
[WhiteElo "2215"]
[BlackElo "2470"]
[Annotator "TA"]
[PlyCount "117"]
[EventDate "2017.??.??"]
[EventCountry "BEL"]
[SourceTitle "playchess.com"]
[Source "ChessBase"]
[SourceQuality "1"]

{[%evp 10,117,3,2,16,-9,-8,-13,0,-11,-3,-17,12,12,17,10,8,-20,-16,-36,-20,-20,0,0,0,0,4,12,4,-31,-35,-26,-29,-63,-30,-91,-68,-107,-94,-78,-10,-286,-235,-251,-233,-241,-240,-231,-172,-182,-170,-243,-254,-375,-371,-379,-386,-373,-360,-262,-94,-103,-125,-101,-135,-133,-29,-108,-33,-74,8,8,8,8,8,8,8,8,8,8,8,8,8,8,8,8,8,8,8,8,8,0,0,0,8,0,0,0,0,0,0,0,8,8,8,8,8,0,0,-29990]} 1. c4 e5 2. g3 c6 3. d4 e4 4. Nc3 Bb4 (4... d5 5. Bg2 Nf6 6. cxd5 cxd5 7. Bg5 Nbd7 8. Qb3 Bd6 9. Nh3 h6 10. Bf4 Nb6 11. Be5 {1-0 (44) Adams,M (2751)-Sethuraman,S (2637) Caleta 2017}) 5. Bg2 d5 6. Qb3 {LiveBook: 5 Games. A20: English Opening: 1...e5} a5 7. a3 Bxc3+ $146 ({Find the theoretical novelty and annotate with similar games:} 7... dxc4 8. Qc2 Bxc3+ 9. Qxc3 Nf6 10. Bg5 Be6 11. Bxf6 Qxf6 12. Bxe4 {0-1 (30) Borner,U-Van Damme,L ICCF corr 1995}) 8. Qxc3 Nf6 9. Bg5 O-O 10. f3 dxc4 11. Bxf6 Qxf6 12. fxe4 c5 13. e3 Nc6 {[%cal Rc5d4]} 14. e5 Qh6 15. Ne2 cxd4 16. exd4 Bg4 17. Nf4 Rad8 $36 {[%mdl 2048] Black has some pressure.} 18. h3 Bh5 19. Nxh5 (19. Bxc6 $5 Qxc6 20. O-O $14) 19... Qxh5 20. Rd1 $1 {[#]} Nxe5 $1 {[%mdl 512]} 21. O-O {next g4 is good for White.} (21. dxe5 Qxd1+) 21... Nd3 22. b3 (22. a4 $11) 22... b5 $1 $17 23. Qxa5 Qg6 ({But not} 23... Rxd4 $6 24. bxc4 Qg6 25. Qc3 $11) 24. Qxb5 Qxg3 (24... Rxd4 $17 25. bxc4 Qxg3) 25. d5 $2 {[%mdl 8192]} (25. Rf3 $11 {and White is okay.} Qg6 26. Rdf1 Rxd4 27. Rxf7 $1 {[%mdl 512]}) 25... Nf4 26. Rxf4 Qxf4 27. Qxc4 Qe3+ 28. Kh1 Rc8 29. Qd3 Qg5 30. a4 (30. d6 $142) 30... Rc1 $19 31. d6 (31. Rxc1 {might work better.} Qxc1+ 32. Kh2) 31... Rd8 32. b4 Rxd1+ 33. Qxd1 {[%mdl 4096] Endgame KQR-KQB} Qf4 34. d7 Qxb4 $2 (34... Qc7 $19 {and Black stays clearly on top.} 35. b5 Rxd7) 35. Bc6 $17 Qc3 36. Qd6 Qxh3+ 37. Kg1 Qg4+ (37... Qe3+ $17 38. Kf1 Qc1+ 39. Ke2 Qc2+ 40. Ke3 Qb3+ 41. Kd4 Qb6+ 42. Kd5 h5) 38. Kf2 $11 {[#]} Qf5+ (38... Qg5 $1 $17 {aiming for ...h5.} 39. Ke2 h5) 39. Ke3 $15 {[#]} Qe6+ (39... Qa5 $1 $17 40. Kd4 h5) 40. Qxe6 $11 {The position is equal.} fxe6 {KR-KB} 41. a5 Kf7 {Strongly threatening ...Ke7.} 42. a6 Ke7 {Hoping for ...Kd6.} 43. a7 Kd6 44. a8=Q Rxa8 45. Bxa8 Kxd7 {KB-K3P} 46. Be4 g6 47. Kf4 Kd6 (47... e5+ $5 48. Kg5 (48. Kxe5 h6 $11) 48... Ke7 $11) 48. Bc2 e5+ 49. Ke4 Ke6 50. Bb3+ Kf6 51. Bd5 h5 52. Bb7 g5 {[%cal Bg6g5,Bg5g4][%mdl 32]} 53. Bc8 g4 54. Bd7 Kg5 55. Kxe5 h4 56. Ke4 h3 (56... g3 $5 {[%cal Rg3g2]} 57. Bh3 Kh6 $11) 57. Ke3 Kh4 {[#]} (57... h2 $5 58. Bc6 $8 Kh6 $11) 58. Bxg4 $1 {[%mdl 512]} Kxg4 (58... h2 $5 59. Bf3 $8 Kh3 $11) 59. Ke4 $4 {[%mdl 40960] Precision: White = 54%, Black = 47%. . An unexpected result.} (59. Kf2 $11) 1/2-1/2

[Event "Brugse Meesters 2017"]
[Site "Brugge"]
[Date "2017.08.14"]
[Round "3"]
[White "Decrop, Benjamin"]
[Black "Czebe, Attila"]
[Result "0-1"]
[WhiteElo "2173"]
[BlackElo "2465"]
[Annotator "TA"]
[PlyCount "96"]
[EventDate "2017.??.??"]
[EventCountry "BEL"]
[SourceTitle "playchess.com"]
[Source "ChessBase"]
[SourceQuality "1"]

{[%evp 9,96,8,19,4,11,-5,12,8,12,-1,25,0,1,-2,-4,-16,-8,-20,0,-8,-20,-133,-107,-138,-129,-135,-135,-163,-163,-163,-166,-231,-187,-188,-193,-173,-149,-147,-144,-156,-156,-157,-156,-159,-158,-197,-169,-158,-98,-120,-109,-113,-79,-79,-79,-81,-80,-92,-79,-92,-85,-120,-123,-116,-73,-123,-104,-103,-77,-94,-86,-96,-95,-135,-127,-128,-62,-53,-59,-79,-76,-71,-54,-491,-486,-1475,-1568,-29976,-29974]} 1. d4 Nf6 2. Nf3 b6 3. e3 Bb7 4. a4 $146 {[%cal Ba2a4,Ba4a5,Ba5a6][%mdl 32]} ({Predecessor:} 4. Bd3 g6 5. O-O Bg7 6. c4 O-O 7. Nc3 d6 8. e4 Nbd7 9. h3 e5 10. Be3 exd4 11. Bxd4 Re8 12. Re1 Nc5 13. Bc2 a5 14. Qd2 Nfxe4 15. Bxe4 Bxe4 16. Bxg7 Kxg7 17. Nxe4 Rxe4 18. Rxe4 Nxe4 {0-1 (51) Halkias,S (2585)-Bortnyk,O (2581) Tallinn 2016}) 4... g6 5. a5 Bg7 6. a6 {A47: 1 d4 Nf6 2 Nf3 b6: Torre, London and Colle Systems} Bc8 7. Bd3 O-O 8. O-O {The position is equal.} c6 9. Qe2 Nd5 10. Bd2 Nc7 11. b4 b5 12. c4 Nbxa6 13. cxb5 Nxb5 14. Bxb5 cxb5 15. Ra5 {[#]} (15. Qxb5 $11 {remains equal.} Rb8 16. Qa4) 15... Nc7 $1 $17 {[%cal Ba6c7,Bc7a8,Ba8b6][%mdl 32]} 16. Nc3 Bb7 17. Rfa1 a6 18. Ne1 Rc8 19. Nd3 d6 20. Nc1 (20. f3 $142) 20... Na8 21. Nb3 Nb6 22. R5a2 Rc7 23. Na5 Bc8 24. Qf3 Be6 25. Ra3 Qd7 26. h3 Rfc8 27. Rd1 h5 28. Ne2 Bd5 (28... f5 $142 29. e4 fxe4 30. Qxe4 Bf5) 29. e4 Ba8 30. Qe3 Bb7 31. d5 Nc4 32. Nxc4 Rxc4 33. f3 e6 34. dxe6 Qxe6 35. Kh1 d5 {[%cal Bd6d5,Bd5d4][%mdl 32]} 36. Nf4 d4 37. Qb3 Qe8 38. Nd3 Bf8 39. Raa1 Bd6 40. Rac1 Qe7 41. e5 Bxe5 42. Re1 Rxc1 (42... Qe6 $17 {Hoping for ...Rxc1.} 43. Ra1 f6) 43. Bxc1 $15 {[#]} Rxc1 $1 44. Nxc1 Qg5 {Threatens to win with ...Qf4.} 45. Nd3 Bd6 $40 {[%mdl 128] White must now prevent ...Qg3. White needs to defend precisely.} 46. Qb2 $2 {[%mdl 8192] [#]} (46. Re8+ $15 Kg7 47. Qb2) 46... Qg3 $1 $19 {[%csl Gd6][%cal Rg3h2]} 47. f4 (47. Kg1 $142 Bxf3 48. Qf2 Qh2+ 49. Kf1 Qh1+ 50. Qg1 Bxg2+ 51. Ke2 Qxh3 52. Qxd4) 47... Qxd3 48. Kg1 Bxf4 {Precision: White = 35%, Black = 56%.} 0-1

[Event "Brugse Meesters 2017"]
[Site "Brugge"]
[Date "2017.08.14"]
[Round "3"]
[White "Kokje, Joris"]
[Black "Beerdsen, Thomas"]
[Result "0-1"]
[WhiteElo "2166"]
[BlackElo "2447"]
[Annotator "TA"]
[PlyCount "52"]
[EventDate "2017.??.??"]
[EventCountry "BEL"]
[SourceTitle "playchess.com"]
[Source "ChessBase"]
[SourceQuality "1"]

{[%evp 13,52,-2,5,-77,13,28,11,4,0,0,18,0,0,8,15,-24,79,-14,-13,-29,-29,-67,-31,-55,-44,-158,-152,-136,-164,-540,-545,-545,-520,-522,-497,-525,-500,-475,-486,-456,-427]} 1. e3 e5 2. c4 Nf6 3. Nc3 Bb4 4. Nge2 c6 5. a3 Ba5 6. d4 {A22: English Opening: 1...e5 2 Nc3 Nf6} (6. b4 Bc7 7. d4 O-O 8. d5 d6 9. Ng3 a5 10. Rb1 axb4 11. axb4 Nbd7 12. Bd3 {½-½ (61) Carlsen,M (2851)-Anand,V (2775) Leuven 2017}) 6... exd4 7. Qxd4 O-O {LiveBook: 4 Games} 8. e4 $146 (8. b4 $11 Bc7 9. Bb2) ({Predecessor:} 8. b4 Bb6 9. c5 Bc7 10. Bb2 d5 11. cxd6 Qxd6 12. Qxd6 Bxd6 {½-½ (21) Grachev,B (2672)-Balogh,C (2668) Sibenik 2012}) 8... c5 ({Black should try} 8... d5 $1 $17 {...Nxe4 is the strong threat.} 9. Bg5 (9. cxd5 cxd5 10. exd5 Qxd5 $15) (9. exd5 cxd5 10. cxd5 Bb6 $17) 9... dxc4) 9. Qd3 $11 Nc6 10. Bf4 a6 11. O-O-O b5 12. Nd5 bxc4 13. Qxc4 Nxd5 $1 14. exd5 Ne7 (14... Na7 $1 $11 {remains equal.}) 15. d6 ({But not} 15. Qxc5 $6 Bb7 $11) (15. Bd6 $16) 15... Ng6 16. Bg3 Bb7 17. Nc3 Qf6 18. f3 Rab8 $36 {[%mdl 2048] Black has the initiative.} 19. Bd3 {[#]} (19. Rd2 $1 $15) 19... Bd5 $1 $17 {[%cal Rd5c4][%mdl 512]} 20. Qxd5 (20. Nxd5 Qxb2#) 20... Bxc3 21. bxc3 $2 (21. b3 {was the crucial defense.}) 21... Qxc3+ $19 {Black is clearly winning.} 22. Bc2 {aiming for Qd3.} Qe3+ 23. Rd2 {[#] Black must now prevent Qd3.} Qxa3+ 24. Kd1 {And now Re1 would win.} Qa1+ 25. Ke2 Qxh1 26. Kf2 {Strongly threatening Rd1.} Rb2 {Precision: White = 26%, Black = 57%.} 0-1